Írsky boom a vytriezvenie

Írsko zažíva najhoršiu recesiu v nedávnej histórii. Napriek tomu sa ceny za nehnuteľnosti aj naďalej prepadávajú, čo vytvára nebezpečnú zostupnú špirálu.

Salvato in:
Dettagli Bibliografici
Natura: Capitolo di libro
Lingua:slovacco
Soggetti:
Tags: Aggiungi Tag
Nessun Tag, puoi essere il primo ad aggiungerne!!

MARC

LEADER 00000naa a2200000 4500
001 0119158
005 20230831115442.8
041 0 |a slo 
044 |a SK 
245 1 0 |a Írsky boom a vytriezvenie 
520 |a Írsko zažíva najhoršiu recesiu v nedávnej histórii. Napriek tomu sa ceny za nehnuteľnosti aj naďalej prepadávajú, čo vytvára nebezpečnú zostupnú špirálu. 
610 2 0 |a trh hypotekárny 
610 2 0 |a Írsko 
610 2 0 |a nehnuteľnosti 
610 2 0 |a kríza finančná 
610 2 0 |a ceny